| 000 | 01268cam a2200277 4500 | ||
|---|---|---|---|
| 001 | X123332 | ||
| 008 | 030821n2003 000 0 eng u | ||
| 035 | _a(Sirsi) u123332 | ||
| 100 | _aBarrett, C. | ||
| 245 | _aSpecial report: offices, business and science parks | ||
| 260 | _c2003 | ||
| 490 |
_aProperty Week _v68(28) 18 July 2003, 43-54(6) |
||
| 520 | _aFirst article examines how the UK office market is threatened by cut-price operations in the Far East, as many companies look to relocate non-core functions to cheaper locations. Next article discusses Investment Property Databank's 10th annual Business Park Index report which reveals a mixed picture of the UK business park market in 2002. The results show that the sector improved on the previous year, but vacancy rates on business parks have still jumped to 11.7%. Concludes with a look at the struggling sector of science parks. Graphs and tables. | ||
| 590 | _aABS | ||
| 650 | _aCALL CENTRES | ||
| 650 | _aBUSINESS PARKS | ||
| 650 | _aOFFICE OCCUPIERS | ||
| 650 | _aFAR EAST | ||
| 650 | _aINDIA | ||
| 650 | _aOUTSOURCING | ||
| 650 | _aRELOCATION | ||
| 650 | _aPERFORMANCE | ||
| 650 | _aSTATISTICS | ||
| 690 | _aPROPERTY-COMMERCIAL PROPERTY-COMMERCIAL PROPERTY MARKET | ||
| 942 | _n0 | ||
| 999 |
_c73266 _d73266 |
||